National policies for developing high technology industries

Spremljeno u:
Bibliografski detalji
Glavni autor: Rushing, Francis W.
Format: Knjiga
Jezik:Undetermined
Izdano: London Westview press 1986
Teme:
Oznake: Dodaj oznaku
Bez oznaka, Budi prvi tko označuje ovaj zapis!
Thư viện lưu trữ: Trung tâm Học liệu Trường Đại học Cần Thơ
LEADER 00533nam a2200181Ia 4500
001 CTU_81482
008 210402s9999 xx 000 0 und d
082 |a 338.4 
082 |b R952 
100 |a Rushing, Francis W. 
245 0 |a National policies for developing high technology industries 
245 0 |c Francis W. Rushing 
260 |a London 
260 |b Westview press 
260 |c 1986 
650 |a Industry police,Technology industries 
904 |i Trọng Hải 
980 |a Trung tâm Học liệu Trường Đại học Cần Thơ